Zawodnicy CS:GO Major Katowice 2014 - Statystyki

Ogólne statystyki
  • Ten quiz został rozwiązany 67 razy
  • Średni wynik to 29 z 80
Statystyki odpowiedzi
Drużyna Kraj Zawodnik % Poprawnych
Virtus.pro Polska pashaBiceps
94%
Virtus.pro Polska Snax
92%
Virtus.pro Polska TaZ
92%
Virtus.pro Polska byali
90%
Virtus.pro Polska NEO
90%
Fnatic Szwecja flusha
76%
Fnatic Szwecja JW
76%
LGB eSports Szwecja olofmeister
73%
Ninjas in Pyjamas Szwecja GeT_RiGhT
71%
Clan-Mystik Francja kennyS
69%
Titan Francja shox
65%
LGB eSports Szwecja KRiMZ
63%
Ninjas in Pyjamas Szwecja f0rest
59%
Natus Vincere Słowacja GuardiaN
59%
Team Dignitas Dania device
57%
Titan Belgia ScreaM
57%
HellRaisers Rosja Dosia
55%
Fnatic Szwecja pronax
55%
Team LDLC.com Francja apEX
53%
Team Dignitas Dania dupreeh
53%
Reason Gaming Dania karrigan
53%
Team LDLC.com Francja Happy
51%
3DMAX Dania gla1ve
47%
Team iBUYPOWER USA Skadoodle
47%
Natus Vincere Ukraina Zeus
47%
Ninjas in Pyjamas Szwecja friberg
45%
Titan Francja NBK-
45%
Natus Vincere Ukraina Edward
43%
Ninjas in Pyjamas Szwecja Fifflaren
43%
mousesports Holandia chrisJ
41%
Ninjas in Pyjamas Szwecja Xizt
41%
HellRaisers Kazachstan AdreN
39%
Team iBUYPOWER USA adreN
39%
Team Dignitas Dania Xyp9x
39%
Fnatic Szwecja Devilwalk
37%
mousesports Niemcy tabseN
37%
mousesports Dania cadiaN
35%
Team LDLC.com Francja KQLY
35%
Team Dignitas Dania cajunb
33%
LGB eSports Szwecja dennis
33%
Clan-Mystik Francja kioShiMa
33%
Vox Eminor Australia AZR
31%
compLexity Gaming USA Hiko
31%
Team LDLC.com Szwajcaria Maniac
29%
Titan Francja SmithZz
29%
compLexity Gaming USA swag
29%
LGB eSports Szwecja twist
29%
Titan Belgia Ex6TenZ
27%
HellRaisers Ukraina markeloff
27%
HellRaisers Ukraina ANGE1
24%
compLexity Gaming USA n0thing
24%
3DMAX Dania Pimp
22%
mousesports Niemcy tiziaN
22%
3DMAX Dania aizy
20%
Team Dignitas Dania FeTiSh
20%
3DMAX Dania MSL
20%
Natus Vincere Rosja seized
20%
Team iBUYPOWER Kanada AZK
18%
Team iBUYPOWER USA DaZeD
18%
Fnatic Szwecja schneider
18%
Vox Eminor Australia SPUNJ
18%
Natus Vincere Ukraina starix
18%
HellRaisers Rosja kUcheR
16%
mousesports Niemcy LEGIJA
16%
3DMAX Dania raalz
14%
compLexity Gaming Kanada Semphis
14%
Reason Gaming Dania Friis
12%
compLexity Gaming USA seang@res
12%
LGB eSports Szwecja cype
10%
Vox Eminor Australia Havoc
10%
Reason Gaming Dania smF
10%
Team LDLC.com Francja Uzzziii
10%
Team iBUYPOWER USA anger
8%
Reason Gaming Dania EXR
8%
Clan-Mystik Francja GMX
8%
Reason Gaming Dania LOMME
8%
Clan-Mystik Francja Sf
8%
Vox Eminor Australia SnypeR
8%
Clan-Mystik Francja HaRts
6%
Vox Eminor Australia TopguN
6%
Nie znaleziono quizów pasujących do podanych kryteriów
Rozkład punktacji
Procent ludzi z każdym wynikiem
Percentyl według liczby udzielonych odpowiedzi
Twoja historia wyników
Nie rozwiązałeś tego quizu